00353pab a2200121 454500008004000000100002200040245009000062260000900152300000900161362001100170650001700181773003300198180718b1989 xxu||||| |||| 00| 0 eng d aO'Reilly, Charles aCorporations, culture, and commitmentbMotivation and social control in organisations c1989 a9-25 aSummer aOrganisation aCalifornia Management Review